000 00396nam a22001697a 4500
999 _c10471
_d10471
003 OSt
008 210217b ||||| |||| 00| 0 eng d
020 _a9788182815612
100 _aJHINGAN,M.L
245 _aMacro Economic Theory
250 _a13th Ed
260 _aNew Delhi
_bVrinda Publications
_c2020
300 _a554
650 _aB.Com
700 _aJHINGAN,B.K
942 _2ddc
_cBK
_017